Регионална библиотека "Любен Каравелов" - Русе

Ръководство по машинна графика (Запис номер 59315)

MARC детайли
000 -Лидер
Контролно поле с фиксирана дължина 01418nam a2200313 c 4500
003 - Код на организацията, давaща контролен номер
Контролно поле BLK
005 - Дата и час на последна редакция
Контролно поле 20180420222840.0
008 - Елементи от данни с фиксирана дължина
fixed length control field 180408b bul|||||r ||||||| ||bul||
010 ## - Наследен системен номер
LC control number KNG00063404000
040 ## - Източник на каталожния запис
Идентификатор на билиотеката - собственик на записа BLK
041 ## - Код за език
Код за езика на текст/звукозапис или на отделно заглавие Български
Код за езика КДБФ Български
080 ## - УДК
Текстов определител УДК Машинни, графични и др. методи на изчислителната математика. Номограми
УДК код - определител по УДК 519.67
УДК определител (075.8)
УДК - код + определител 519.67(075.8)
100 1# - Редна дума - Автор
Автор Русева, Слава Н.
Авторска отговорност първи автор
R(LIN) 260977
139 ## - Редно поле
Редна дума Ръководство по машинна графика
Авторски знак Ръ - Р 97
245 10 - Сведения за заглавието
Заглавие Ръководство по машинна графика
Подзаглавни данни За студентите от ВМЕИ В. И. Ленин - София и ВТУ А. Кънчев - Русе
Редно поле (дума) Слава Н. Русева.
257 ## - Страна на издаване
Страна на създаване/издаване България
260 ## - Област на издателските данни
-- София
Име на издателя, разпространителя и проч. Техника
Година на издаване 1987
Печатница Ямбол : печ. Г. Димитров
300 ## - Физическа характеристика
Страници 119 с.
Илюстрации и др. с табл., сх., черт.
Размери/Мащаб 21 см
380 ## - Жанр
Жанр Естествени науки. Математика
500 ## - Общи забележки
Забележка Други авт. : В. Й. Хубанова, Ст. Н. Калчева, Тр. И. Трифонов
650 #4 - Допълнително описание по предмет – тема
Основно описание – тема или топоним Машинна графика - учебници за ВУЗ
9 (RLIN) 255706
653 ## - Ключова дума – ненормативна
Ключова дума машинна графика
653 ## - Ключова дума – ненормативна
Ключова дума учебници за ВУЗ
852 ## - Местоположение
Форматна сигнатура Цб 150902
856 4# - Електронен адрес и достъп
Електронен формат pdf - файл
Път до файла /url/
856 4# - Електронен адрес и достъп
Електронен формат pdf - файл
Път до файла /url/
942 ## - АРТИКУЛИ
Вид на библиотечния материал Книги
Скрит в OPAC Не
944 ## - СЪЗДАВАНЕ И РЕДАКЦИЯ на ЗАПИСА
Създаване/Редакция Създаване
Дата на регистрацията/редакция 13.06.2004
Служител, извършил регистрацията/редакцията Цветанка_Енчева
944 ## - СЪЗДАВАНЕ И РЕДАКЦИЯ на ЗАПИСА
Създаване/Редакция Редакция
Дата на регистрацията/редакция 25.10.2006
Служител, извършил регистрацията/редакцията
999 ## - СИСТЕМНИ КОНТРОЛНИ НОМЕРА
Koha biblionumber 59315
Koha biblioitemnumber 59315
Наличности
Код за отписване Код за изгубен артикул Източник на класификационната схема Код за повреда Коз за рестрикции Код за отдаване Артикулен № Име на библиотеката - собственик Име на библиотеката, в която се намира в момента Статус (Текущо местоположение) Дата на вписване в системата Местоположение - отдел Цена в лева Инвентарен номер Систематично азбучна сигнатура Баркод Номер на екземпляра Цена в евро Служебна бележка Служебен тип на артикула
Изтеглен Не е изгубен Universal Decimal Classification Не е повреден без рестрикции ползва се в читалня 96778 Регионална библиотека "Любен Каравелов" Русе Регионална библиотека "Любен Каравелов" Русе Читалня 1993-01-01 Читалня 0.53 489268 Ч 519.6/Р 97 489268 1 0.27 Дата инв: 15.03.2017 Бележки инв: Ч2017 Книги
  Не е изгубен Universal Decimal Classification Не е повреден без рестрикции ползва се в читалня 96779 Регионална библиотека "Любен Каравелов" Русе Регионална библиотека "Любен Каравелов" Русе Хранилище 2001-01-01 Хранилище 0.53 487801 Цб 150902 120000487801 2 0.27 Дост: Dp Вид: Д N: стар фонд Дата: 01.01.2001 Книги
Vip Innovations Ltd, Rousse, Bulgaria 2025